000 01486nas a2200349 i 4500
001 1818
003 ES-MaACL
005 20250809062530.0
008 950801c1913 sp b| | 1 |spa d
022 _a0034-7922
040 _cES-MaACL
080 _a347(460)
245 0 0 _aRevista de derecho privado :
_bpublicación mensual para el estudio de las cuestiones prácticas del derecho español civil, mercantil y administrativo /
_cdir., Felipe Clemente de Diego y José María Navarro de Palencia.
260 _aMadrid :
_bE. Mestre,
_c1913-
300 _a101 v. ;
_c28 cm.
310 _aBimestral,
_b2000-
321 _aMensual,
_b1913-1999
362 0 _aAño 1, n. 1 (15 oct. 1913)-
500 _aNo se publicó de sept. de 1936 a 1939.
555 8 _aCada año acompañado de un índice.
555 _asistemático general de t. 31 (1947)-t. 40 (1956), 1 v.; t. 53 (1969)-t. 62 (1978), 1 v.; t. 63 (1979)-t. 72 (1988), 1 v.
650 1 7 _aDerecho
_2embne
_911602
655 7 _9226866
_aRevistas
700 1 _aDiego y Gutiérrez, Felipe Clemente de,
_9234641
_d1866-1945
700 1 _aNavarro de Palencia, José María.
_985117
700 1 _aPérez Serrano, Nicolás,
_d1890-1961
_991160
852 _aES-MaACL
_jHEM-H-160
_cHEM
_dOlim: HEM-1199
856 4 _uhttps://dialnet.unirioja.es/servlet/revista?codigo=1147
_ySumarios de la revista en Dialnet
942 _2udc
_cPERIODICA
_n0
955 _bCRON CRON
999 _c1818
_d1818